IFM Opac

Uncertainity and Diversification in International Trade (Record no. 12586)

MARC details
000 -LEADER
fixed length control field 00456nam a22001697a 4500
020 ## - INTERNATIONAL STANDARD BOOK NUMBER
International Standard Book Number xxxxxxxxxx
082 ## - DEWEY DECIMAL CLASSIFICATION NUMBER
Classification number REF 382 BRA
100 ## - MAIN ENTRY--PERSONAL NAME
Personal name Brainard, William
245 ## - TITLE STATEMENT
Title Uncertainity and Diversification in International Trade
250 ## - EDITION STATEMENT
Edition statement Center paper No. 145
260 ## - PUBLICATION, DISTRIBUTION, ETC.
Place of publication, distribution, etc. Yale
Name of publisher, distributor, etc. Yale University
Date of publication, distribution, etc. 1970
300 ## - PHYSICAL DESCRIPTION
Extent 285p.
Other physical details ill.;22cm
500 ## - GENERAL NOTE
General note Includes references
650 ## - SUBJECT ADDED ENTRY--TOPICAL TERM
Topical term or geographic name entry element International trade
700 ## - ADDED ENTRY--PERSONAL NAME
Personal name Cooper, Richard N.
942 ## - ADDED ENTRY ELEMENTS (KOHA)
Koha item type Books
Holdings
Withdrawn status Lost status Source of classification or shelving scheme Damaged status Not for loan Collection code Home library Current library Shelving location Date acquired Full call number Barcode Date last seen Price effective from Koha item type
    Dewey Decimal Classification     Reference IFM Main Campus Library IFM Main Campus Library   10/17/2015 REF 382 BRA 0000012240 10/17/2015 10/17/2015 Books